00887nam a2200181 a 450000100100000000500170001000800410002704000250006808200160009310000420010924501950015126000700034630000200041650201290043604900090056595201140057499900170068800003432220200930073634.0111003s1915 dr 000 0 spa d aDO-SdBNPbspacBNPHU axxxxbG216c1 aGarcía de la Concha, Osvaldo95974910aConsideraciones sobre el flexor momento de los sólidos empotrados por los extremos y cargados en su punto medio, consecuencias útiles para la práctica /cOsvaldo García de la Concha. aSanto Domingo :bGran Tipografía el progreso de Espinal,c1915. a26 p. ;c25 cm. aPresentado originalmente como tesis del autor --Universidad de Santo Domingo, Facultad de Matématica, Santo Domingo, 1915. aBNPD 0010718PDaPDbPDcCTd2011-10-03iLF1l0oxxxx G216cp34322-10r2020-06-25w2020-06-25yLFPDZNo se presta c33813d33813